000 01099nam a2200337 a 4500
001 000116096
003 CHAP
005 20220329144601.0
008 190909s2017 xxc |r| ||||||spa d
010 _a112557
011 _a113529
020 _a9781552506035
040 _cCHAP
082 0 4 _a362.1042
_bV64
245 0 4 _aUna vida sana para mujeres y niños vulnerables :
_baplicaciones de la investigación sobre sistemas de salud /
_cpor Sue Godt ...[et al.].
260 _aCanadá :
_bCentro de Internacional de Investigaciones para el Desarrollo (IDRC),
_c2017.
300 _axxiii, 125 p.
490 _aEn Foco
500 _aPuede consultar en www.idrc.ca/healthy-lives
590 _aBATCH-UPD
_b05
_c20190909
_lUCH01
_h1049
590 _aE5765TAJ
_b05
_c20190909
_lUCH01
_h1049
650 1 4 _aMedicina preventiva.
_9136833
650 1 4 _aMujeres
_xSalud e higiene.
_9136035
650 1 4 _aNiños
_xSalud e higiene.
_9136808
650 1 4 _aSalud pública
_xLeyes.
_9101832
700 1 _aGodt, Sue.
_9136807
830 0 0 _aEn Foco
_936668
901 _aBK
942 _cLIBRO
942 _n0
999 _c112557
_d112557